[Event "ESP-ch 88th"]
[Site "Marbella"]
[Date "2023.10.13"]
[Round "1"]
[White "Casado Torres, Daniel"]
[Black "Bermejo Martinez, Jorge"]
[Result "1/2-1/2"]
[WhiteElo "1685"]
[BlackElo "2204"]
[PlyCount "106"]
[EventDate "2023.10.13"]
[EventType "swiss"]
[EventRounds "9"]
[EventCountry "ESP"]
[SourceTitle "CBM 216 Extra"]
[Source "ChessBase"]
[SourceDate "2023.11.30"]
[SourceVersion "1"]
[SourceVersionDate "2023.11.30"]
[SourceQuality "1"]

1. e4 c5 2. Nf3 g6 3. c3 Bg7 4. d4 cxd4 5. cxd4 d5 6. e5 Nc6 7. Nc3 Bg4 8. Be2 Bxf3 9. Bxf3 e6 10. Be3 Nge7 11. 0-0 0-0 12. Qd2 Nf5 13. Bg4 Nxe3 14. Qxe3 Bxe5 15. dxe5 d4 16. Qe1 dxc3 17. bxc3 Qa5 18. f4 Rac8 19. Bf3 Ne7 20. Rc1 b5 21. Rf2 Rc4 22. Be2 Rc5 23. Qf1 Rfc8 24. Rb1 a6 25. a4 Qxa4 26. Ra1 Qe4 27. Bf3 Qe3 28. Bb7 R8c7 29. Bxa6 Rxc3 30. Re1 Qxe1 31. Qxe1 Rc1 32. Rf1 Rxe1 33. Rxe1 b4 34. Rb1 Nd5 35. g3 Kf8 36. Kf1 Ke7 37. Ke1 Kd7 38. Bb5+ Kc8 39. Kd2 Kb7 40. Kd3 Rc3+ 41. Kd4 Rc2 42. Bc4 Kc6 43. Bxd5+ exd5 44. Rxb4 Rd2+ 45. Ke3 Rxh2 46. Rb8 Ra2 47. Rc8+ Kd7 48. Rc5 Ra3+ 49. Kf2 Rd3 50. g4 h5 51. gxh5 gxh5 52. Ke2 Rd4 53. Ke3 Rd1 1/2-1/2